<?xml version="1.0" encoding="UTF-8"?>
<record
    xmlns:xsi="http://www.w3.org/2001/XMLSchema-instance"
    xsi:schemaLocation="http://www.loc.gov/MARC21/slim http://www.loc.gov/standards/marcxml/schema/MARC21slim.xsd"
    xmlns="http://www.loc.gov/MARC21/slim">

  <leader>02139njm a2200193 a 4500</leader>
  <controlfield tag="001">ASINB00BM6BSI4</controlfield>
  <controlfield tag="005">20200421093826.0</controlfield>
  <controlfield tag="008">130724s2013    xxu                 eng d</controlfield>
  <datafield tag="020" ind1=" " ind2=" ">
    <subfield code="c">$18.89</subfield>
  </datafield>
  <datafield tag="024" ind1="1" ind2=" ">
    <subfield code="a">725543003027</subfield>
  </datafield>
  <datafield tag="100" ind1="1" ind2=" ">
    <subfield code="a">Popovic, Ana.</subfield>
  </datafield>
  <datafield tag="245" ind1="1" ind2="0">
    <subfield code="a">Can you stand the heat</subfield>
    <subfield code="h">[sound recording] /</subfield>
    <subfield code="c">Ana Popovic.</subfield>
  </datafield>
  <datafield tag="260" ind1=" " ind2=" ">
    <subfield code="a">[S.l.] :</subfield>
    <subfield code="b">Artistexclusive Records,</subfield>
    <subfield code="c">2013.</subfield>
  </datafield>
  <datafield tag="300" ind1=" " ind2=" ">
    <subfield code="a">1 sound disc :</subfield>
    <subfield code="b">digital ;</subfield>
    <subfield code="c">4 3/4 in.</subfield>
  </datafield>
  <datafield tag="505" ind1="0" ind2=" ">
    <subfield code="t">Can you stand the heat --</subfield>
    <subfield code="t">Can't you see what you're doing to me --</subfield>
    <subfield code="t">Mo' better love --</subfield>
    <subfield code="t">Object of obsession --</subfield>
    <subfield code="t">Boys' night out --</subfield>
    <subfield code="t">Hot southern night (W/lucky peterson) --</subfield>
    <subfield code="t">Every kind of people --</subfield>
    <subfield code="t">Ana's shuffle --</subfield>
    <subfield code="t">Blues for mrs. pauline/leave my boy alone --</subfield>
    <subfield code="t">Leave well enough alone aka high maintenance you --</subfield>
    <subfield code="t">Tribe --</subfield>
    <subfield code="t">Rain fall down --</subfield>
    <subfield code="t">Growing up too soon (bonus track) --</subfield>
    <subfield code="t">Mo' better love (W/tommy sims - bonus track)</subfield>
  </datafield>
  <datafield tag="520" ind1=" " ind2=" ">
    <subfield code="a">Memphis, Tennessee based Ana Popovic returns with a daring studio record. An album full of 'Old School' funk and bluesy grooves, in the vein of Albert King, Albert Collins and War. Can You Stand The Heat was produced by Tony Coleman (drummer - B. B. King), co-produced by Ana and Grammy Award winner Tommy Sims. With Can You Stand The Heat , Ana Popovic follows up her 2011 two time Music Blues Award nominated album Unconditional , which reached #4 on the Billboard Blues Chart, the top 10 of Amazon's Best Blues Albums and the top 15 of Guitar World's top Blues and Roots Rock albums. Ana Popovic was born in Belgrade, formerly Yugoslavia. She quickly picked up her father's impressive blues and soul record collection, grabbed his guitar and went to work at a young age of 15. Since then, Ana has developed into a phenomenal guitarist/vocalist who tirelessly tours around the world playing major blues, jazz and rock festivals. Ana blends smoking electric funk slide guitar, jazzy instrumentals and tight blues groove with soulful feminine vocals. Her incredible stage presence makes her an irresistible force in the music world.</subfield>
  </datafield>
  <datafield tag="856" ind1="4" ind2="0">
    <subfield code="3">Amazon.com</subfield>
    <subfield code="u">http://www.amazon.com/exec/obidos/ASIN/B00BM6BSI4/chopaconline-20</subfield>
  </datafield>
  <datafield tag="942" ind1=" " ind2=" ">
    <subfield code="2">ddc</subfield>
    <subfield code="c">MU</subfield>
  </datafield>
  <datafield tag="999" ind1=" " ind2=" ">
    <subfield code="c">311</subfield>
    <subfield code="d">311</subfield>
  </datafield>
  <datafield tag="952" ind1=" " ind2=" ">
    <subfield code="0">0</subfield>
    <subfield code="1">0</subfield>
    <subfield code="4">0</subfield>
    <subfield code="7">0</subfield>
    <subfield code="8">REF</subfield>
    <subfield code="a">MPL</subfield>
    <subfield code="b">MPL</subfield>
    <subfield code="c">AV</subfield>
    <subfield code="d">2014-09-04</subfield>
    <subfield code="p">39999000013658</subfield>
    <subfield code="r">2014-09-04 00:00:00</subfield>
    <subfield code="w">2014-09-04</subfield>
    <subfield code="y">MU</subfield>
  </datafield>
  <datafield tag="952" ind1=" " ind2=" ">
    <subfield code="0">0</subfield>
    <subfield code="1">0</subfield>
    <subfield code="4">0</subfield>
    <subfield code="7">0</subfield>
    <subfield code="8">REF</subfield>
    <subfield code="a">MPL</subfield>
    <subfield code="b">MPL</subfield>
    <subfield code="c">AV</subfield>
    <subfield code="d">2014-09-04</subfield>
    <subfield code="p">39999000013672</subfield>
    <subfield code="r">2014-09-04 00:00:00</subfield>
    <subfield code="w">2014-09-04</subfield>
    <subfield code="y">MU</subfield>
  </datafield>
  <datafield tag="952" ind1=" " ind2=" ">
    <subfield code="0">0</subfield>
    <subfield code="1">0</subfield>
    <subfield code="4">0</subfield>
    <subfield code="7">0</subfield>
    <subfield code="8">REF</subfield>
    <subfield code="a">FPL</subfield>
    <subfield code="b">FPL</subfield>
    <subfield code="c">AV</subfield>
    <subfield code="d">2014-09-04</subfield>
    <subfield code="p">39999000013696</subfield>
    <subfield code="r">2014-09-04 00:00:00</subfield>
    <subfield code="w">2014-09-04</subfield>
    <subfield code="y">MU</subfield>
  </datafield>
</record>
